Neklidné pobřeží /

Main Author: Ould, Chris
Other Authors: Lexová, Alžběta, 1988-
Language: Czech
Published: Praha : Mystery Press, 2020
Edition: 1. vydání
Physical Description: 377 stran ; 21 cm
Book
Saved in:
LEADER 01478nam a2200445 i 4500
001 nkc20203258758
003 CZ PrNK
005 20201202160833.0
007 ta
008 201015s2020 xr g 000 f cze
015 |a cnb003258758 
020 |a 978-80-7588-219-6  |q (vázáno) 
035 |a (OCoLC)1230104601 
040 |a ABG001  |b cze  |d ABA001  |e rda 
041 1 |a cze  |h eng 
072 7 |a 821.111-3  |x Anglická próza, anglicky psaná  |2 Konspekt  |9 25 
080 |a 821.111-31  |2 MRF 
080 |a (0:82-312.4)  |2 MRF 
100 1 |a Ould, Chris  |7 xx0252809  |4 aut 
240 1 0 |a Blood strand.  |l Česky 
245 1 0 |a Neklidné pobřeží /  |c Chris Ould ; přeložila Alžběta Lexová 
250 |a 1. vydání 
264 1 |a Praha :  |b Mystery Press,  |c 2020 
300 |a 377 stran ;  |c 21 cm 
336 |a text  |b txt  |2 rdacontent 
337 |a bez média  |b n  |2 rdamedia 
338 |a svazek  |b nc  |2 rdacarrier 
500 |a Přeloženo z angličtiny 
655 7 |a anglické romány  |7 fd131814  |2 czenas 
655 7 |a detektivní romány  |7 fd132010  |2 czenas 
655 9 |a English fiction  |2 eczenas 
655 9 |a detective novels  |2 eczenas 
700 1 |a Lexová, Alžběta,  |d 1988-  |7 ola2015879250  |4 trl 
787 0 8 |i Z cyklu:  |t Trilogie z Faerských ostrovů  |g 1 
910 2 |a BOA001  |b 2-1455.250 
920 |a 4560745  |z ABG001 
990 |a BK 
995 |a 01 
991 |b 202011  |c NOV 
996 6 |b 2610843851  |c 2-1455.250  |l MZK  |r Sklad / do 1 hodiny  |n 1  |p p.v.  |w 001833735  |u 000010  |a 1  |e BOA001  |j MZK50  |s P